000 01697nam a2200325 a 4500
001 000025673
005 20210319083157.0
008 110221s1991 dr ac 001 0 spa d
040 _aDO-SdBNP
_bspa
_cBNPHU
082 _a305.43
_bG934t
100 1 _aGuerrero Villalba, María Angustias
_952428
245 1 0 _aTras las huellas... :
_bla mujer dominicana en el mundo del trabajo 1900-1950 /
_cMaría Angustias Guerrero.
246 1 3 _aTras las huellas... :
_bla mujer dominicana en el mundo del trabajo en la industria de la aguja de 1900-1950
260 _aSanto Domingo :
_bCIPAF,
_c1991.
300 _a98 p. :
_bil., retrs. ;
_c18 cm.
490 1 _aEdiciones Populares Feministas
490 1 _aTeoría
504 _aIncluye bibliografía y notas al pie de páginas.
504 _aBibliografía: p.95-98.
505 0 _gPresentación --
_gIntroducción --
_tAntecedentes: Mujeres trabajadoras e ideología patriarcal --
_tAproximación a los factores del desarrollo del mercado de trabajo en la "Industria de la costura en la fase manufacturera", 1900-1920 --
_tMateriales sobre el trabajo de la mujer e industria de la costura en la República Dominicana: 1900-1940 (una cronología) --
_gBibliografía --
_gAnexos.
590 _aInventariado, 2018/MFF
650 0 _aMujeres en República Dominicana
_92066
650 4 _aMujeres trabajadoras
_xHistoria
_zRepública Dominicana
_952429
650 4 _aMujeres en la industria
_92567
650 4 _aIndustria del vestido
_xAspectos sociales
_952430
710 2 _aCentro de Investigación para la Acción Femenina
_952431
830 0 _aEdiciones Populares Feministas
_99429
830 0 _aTeoría
_935948
910 _aValidado. Control de calidad EMS
999 _c25165
_d25165